000 00816nas a2200253 4500
001 BR2012004143
003 BR-BrBNA
005 20231205120655.0
007 ta
008 230509b bl.|||p| |||| 00| 00por d
040 _aBR-BrBNA
_bpor
_cBiblioteca Nacional de Agricultura
041 _a(Pt)
072 _aF70
100 1 _aJanke, H.
100 1 _aOliviera, M. de L.A.A. de
100 1 _aSiqueira, N.C.S. de
245 1 _aO gênero Poiretia VENT. (Leguminosae-Faboideae)no Rio grande do Sul- taxonomia e aspectos farmacognósticos
650 _aLEGUMINOSAE
650 _aRIO GRANDE DO SUL
650 _aTAXONOMIA VEGETAL
773 0 _tIheringia. Série Botânica (Brazil)
_xISSN 0073-4705
_g(Nov 1988), v. 38 p. 43-66
_wBR2012004143
909 _a202311
_bLúcia
_c55
_dLúcia Elande
942 _2AGRIS
_n0
_cANA
999 _c219691
_d219691